| 000 | 00621nam a2200253Ia 4500 | ||
|---|---|---|---|
| 001 | AUWbook001771 | ||
| 003 | BDCtgAUW | ||
| 005 | 20260406155104.0 | ||
| 008 | 220908s9999 xx 000 0 eng d | ||
| 020 | _a0156155516 | ||
| 040 |
_aBDCtgAUW _cBDCtgAUW |
||
| 050 | _aPT2613.R338K313 | ||
| 100 | 1 |
_aGunter, Grass. _911461 |
|
| 245 | 0 | _aCat and mouse. | |
| 260 |
_aSan Diego : _bHarvest book, _c1991. |
||
| 300 | _a189 pages. | ||
| 650 | 0 | _aEnglish Language. | |
| 650 | 0 | _aLanguage and Literature. | |
| 655 | 7 |
_aFiction. _2lcgft _973569 |
|
| 887 |
_a BRAC _22982 |
||
| 888 | _22982 | ||
| 942 |
_cBK _00 |
||
| 945 | _cBK | ||
| 999 |
_c17531 _d17531 |
||